| 000 | 00914nam a2200205 a 4500 | ||
|---|---|---|---|
| 001 | 001155940 | ||
| 003 | AM-YeHGA | ||
| 005 | 20250617152403.0 | ||
| 008 | 160609s1986 ||| r 000 0 rus d | ||
| 040 | _aAM-YeHGA | ||
| 041 | 0 | _arus | |
| 245 | 0 | 0 |
_aАвтоматизация технической подготовки производства : _bНаучно-технический сборник / _cАН БССР, Ин-т техн. кибернетики; Редкол.: О.И. Семенков (гл. ред.) и др. |
| 260 |
_aМинск : _bИТК, _c1986. |
||
| 300 |
_a162 с. : _bил. |
||
| 504 | _aБиблиогр. в конце ст. | ||
| 653 | 0 | _aТехническая подготовка производства (ТПП) | |
| 700 | 1 |
_aСеменков, О.И. _eред. _4edt |
|
| 710 | 2 | _aИнститут технической кибернетики АН БССР | |
| 090 | _c371713 | ||
| 999 |
_c369840 _d369840 |
||